00561 2200205 4500001002100000005001500021035002000036007000300056008004100059020001800100082000800118084001400126100001500140245004300155250001300198260004500211300006100256600001500317990002300332INLIS00000000000410420260528102043 a0010-0921000189ta260528 0  a979-769-028-8 a342 a342 HR, h0 aHR, Ridwan1 aHukum Administrasi Negara /cRidwan HR aEd.--1-- a--Jakarta :bRajaGrafindo Persada,c2006 axvii, 393 hlm. :billus. ;c21 cmeBibliografi, hlm 379 4aIlmu Hukum a0713/Br/Arpus/2006